|
|
|
|
| LEADER |
00000cam a22000004a 4500 |
| 001 |
musev2_77872 |
| 003 |
MdBmJHUP |
| 005 |
20230905052033.0 |
| 006 |
m o d |
| 007 |
cr||||||||nn|n |
| 008 |
200507t20202020azu o 00 0 eng d |
| 010 |
|
|
|z 2020011824
|
| 020 |
|
|
|a 9780816542123
|
| 020 |
|
|
|z 9780816540693
|
| 035 |
|
|
|a (OCoLC)1195442862
|
| 040 |
|
|
|a MdBmJHUP
|c MdBmJHUP
|
| 043 |
|
|
|a n-mx---
|a n-us---
|
| 050 |
0 |
4 |
|a GN21.V45
|b A3 2020
|
| 082 |
0 |
|
|a 301.092
|2 23
|
| 100 |
1 |
|
|a Velez-Ibañez, Carlos G.,
|d 1936-
|e author.
|
| 245 |
1 |
0 |
|a Reflections of a Transborder Anthropologist :
|b From Netzahualcóyotl to Aztlán /
|c Carlos G. Velez-Ibáñez.
|
| 264 |
|
1 |
|a Tucson :
|b University of Arizona Press,
|c 2020.
|
| 264 |
|
3 |
|a Baltimore, Md. :
|b Project MUSE,
|c 2020
|
| 264 |
|
4 |
|c ©2020.
|
| 300 |
|
|
|a 1 online resource (405 pages).
|
| 336 |
|
|
|a text
|b txt
|2 rdacontent
|
| 337 |
|
|
|a computer
|b c
|2 rdamedia
|
| 338 |
|
|
|a online resource
|b cr
|2 rdacarrier
|
| 504 |
|
|
|a Includes bibliographical references and index.
|
| 520 |
|
|
|a "Taking us on a journey of remembering and rediscovery, anthropologist Carlos G. Velez-Ibáñez shares an important look at his development as a scholar and in so doing the development of an interdisciplinary field of transborder anthropology"--
|c Provided by publisher.
|
| 588 |
|
|
|a Description based on print version record.
|
| 600 |
1 |
0 |
|a Velez-Ibañez, Carlos G.,
|d 1936-
|
| 650 |
|
0 |
|a Anthropology
|z United States
|v Biography.
|
| 650 |
|
0 |
|a Anthropology
|z Mexico
|v Biography.
|
| 650 |
|
0 |
|a Anthropologists
|z United States
|v Biography.
|
| 650 |
|
0 |
|a Anthropologists
|z Mexico
|v Biography.
|
| 655 |
|
7 |
|a Biographies.
|2 lcgft
|
| 655 |
|
7 |
|a Autobiographies.
|2 lcgft
|
| 655 |
|
7 |
|a Electronic books.
|2 local
|
| 710 |
2 |
|
|a Project Muse.
|e distributor
|
| 830 |
|
0 |
|a Book collections on Project MUSE.
|
| 856 |
4 |
0 |
|z Texto completo
|u https://projectmuse.uam.elogim.com/book/77872/
|
| 945 |
|
|
|a Project MUSE - Custom Collection
|
| 945 |
|
|
|a Project MUSE - 2020 Archaeology and Anthropology
|
| 945 |
|
|
|a Project MUSE - 2020 Complete
|
| 945 |
|
|
|a Project MUSE - 2020 Native American and Indigenous Studies
|